Footballers who have moved more than 100 million in signings - Estadísticas

Estadísticas generales
  • Esta prueba ha sido intentada 182 veces
  • La puntuación promedio es 16 de 69
Estadísticas de respuestas
Total value Player % Correcto
400M Neymar
96%
247M Cristiano Ronaldo
92%
180M Kylian Mbappé
84%
220M Ousmane Dembélé
76%
180M Philippe Coutinho
74%
339M Romelu Lukaku
65%
180M Antoine Griezmann
62%
115M Gareth Bale
62%
133M Jude Bellingham
57%
169M Zlatan Ibrahimovic
57%
105M Paul Pogba
55%
150M Eden Hazard
52%
165M Enzo Fernández
51%
125M Luis Suárez
51%
189M Álvaro Morata
48%
144M Moisés Caicedo
43%
138M Joao Félix
41%
179M Ángel Di María
35%
130M Sadio Mané
35%
103M Harry Maguire
33%
117M Jack Grealish
30%
116M Declan Rice
28%
106M Kevin De Bruyne
28%
103M Virgil van Dijk
27%
110M Antony
26%
152M Matthijs de Ligt
23%
129M Darwin Núñez
21%
159M Gonzalo Higuaín
21%
120M Raheem Sterling
20%
101M Leroy Sané
19%
105M Jadon Sancho
18%
148M James Rodríguez
16%
155M Kai Havertz
15%
111M Achraf Hakimi
13%
126M Josko Gvardiol
13%
103M Radamel Falcao
12%
120M Joao Cancelo
11%
125M Lucas Hernández
11%
101M Marc Cucurella
9%
104M Raphinha
9%
103M Riyad Mahrez
9%
106M Alexis Sánchez
8%
104M Victor Osimhen
8%
115M Wesley Fofana
7%
118M Arthur Melo
6%
100M Diego Costa
6%
123M Mateo Kovacic
6%
110M Miralem Pjanic
6%
126M Paulinho
6%
118M David Luiz
5%
106M Dominik Szoboszlai
5%
112M Danilo
4%
126M Hernán Crespo
4%
123M Nicolas Anelka
4%
112M Richarlison
4%
102M Aleksandar Mitrovic
2%
105M Cuti Romero
2%
115M Hulk
2%
121M Juan Sebastián Verón
2%
107M Leonardo Bonucci
2%
147M Malcolm
2%
108M Matheus Nunes
2%
103M Robbie Keane
2%
106M Geoffrey Kondogbia
1%
112M Henrikh Mkhitaryan
1%
104M Lucas Paquetá
1%
118M Matheus Cunha
1%
102M Gonçalo Guedes
0%
111M Sébastien Haller
0%
No se encontraron pruebas coincidentes
Distribución de puntuación
Porcentaje de gente con cada puntuación
Porcentaje por número respondido
Historial de tus puntuaciones
No has intentado esta prueba.